Champions du monde de Formule 1 : 1990s - Statistiques

Statistiques générales
  • Ce quiz a été pris 35 fois
  • Le résultat moyen est 9 sur 10
Statistiques - réponses
Hint Team Réponse % Correct
1993 Williams Alain Prost
100%
1994 Benetton Michael Schumacher
97%
1995 Benetton Michael Schumacher
97%
1990 McLaren Ayrton Senna
94%
1991 McLaren Ayrton Senna
94%
1996 Williams Damon Hill
85%
1997 Williams Jacques Villeneuve
82%
1998 McLaren Mika Häkkinen
82%
1999 McLaren Mika Häkkinen
82%
1992 Williams Nigel Mansell
82%
Aucun quiz correspondant
Distribution des résultats
% des personnes avec chaque résultat
Percentile par nombre de réponses
Votre historique - résultats
Vous n’avez pas pris ce quiz